Practical cataloguing: an examination handbook (Record no. 363853)

000 -LEADER
fixed length control field 00344cam a22001337a 4500
008 - FIXED-LENGTH DATA ELEMENTS--GENERAL INFORMATION
fixed length control field 180718b1966 xxu||||| |||| 00| 0 eng d
082 ## - DEWEY DECIMAL CLASSIFICATION NUMBER
Classification number P953 D434
100 ## - MAIN ENTRY--PERSONAL NAME
Personal name Dent, W.
245 ## - TITLE STATEMENT
Title Practical cataloguing: an examination handbook
Statement of responsibility, etc. by W. Dent
260 ## - PUBLICATION, DISTRIBUTION, ETC.
Place of publication, distribution, etc. Bombay
Name of publisher, distributor, etc. Asia
Date of publication, distribution, etc. 1966
300 ## - PHYSICAL DESCRIPTION
Extent 83p.
500 ## - GENERAL NOTE
General note Rs.10.00
650 ## - SUBJECT ADDED ENTRY--TOPICAL TERM
Topical term or geographic name entry element Cataloguing
Holdings
Withdrawn status Lost status Damaged status Not for loan Permanent Location Current Location Date acquired Full call number Barcode Date last seen Price effective from Koha item type
        Indian Institute of Public Administration Indian Institute of Public Administration 1994-04-05 P953 D434 39297 2018-07-21 2018-07-21 Book

Powered by Koha